<?xml version="1.0" encoding="UTF-8"?>
<record
    xmlns:xsi="http://www.w3.org/2001/XMLSchema-instance"
    xsi:schemaLocation="http://www.loc.gov/MARC21/slim http://www.loc.gov/standards/marcxml/schema/MARC21slim.xsd"
    xmlns="http://www.loc.gov/MARC21/slim">

  <leader>00960nam a22002657a 4500</leader>
  <controlfield tag="005">20170123162344.0</controlfield>
  <datafield tag="010" ind1=" " ind2=" ">
    <subfield code="a">324600</subfield>
  </datafield>
  <datafield tag="020" ind1=" " ind2=" ">
    <subfield code="c">3.00</subfield>
  </datafield>
  <datafield tag="035" ind1=" " ind2=" ">
    <subfield code="a">324600</subfield>
  </datafield>
  <datafield tag="037" ind1=" " ind2=" ">
    <subfield code="b">Cen Lib/Ret</subfield>
  </datafield>
  <datafield tag="040" ind1=" " ind2=" ">
    <subfield code="a">DPL</subfield>
    <subfield code="b">UR</subfield>
  </datafield>
  <datafield tag="082" ind1=" " ind2=" ">
    <subfield code="a">920</subfield>
    <subfield code="b">&#x627; &#x6CC; &#x645;</subfield>
  </datafield>
  <datafield tag="100" ind1=" " ind2=" ">
    <subfield code="a">&#x627;&#x6CC;&#x645;. &#x62D;&#x628;&#x6CC;&#x628; &#x62E;&#x627;&#x646; </subfield>
    <subfield code="9">516</subfield>
  </datafield>
  <datafield tag="245" ind1=" " ind2=" ">
    <subfield code="a">&#x627;&#x631;&#x62F;&#x648; &#x6A9;&#x6CC; &#x6A9;&#x644;&#x627;&#x633;&#x6CC;&#x6A9;&#x6CC;&#x634;&#x639;&#x631;&#x627; &#x67E;&#x631; &#x62A;&#x646;&#x642;&#x6CC;&#x62F;&#x6CC; &#x645;&#x636;&#x627;&#x645;&#x6CC;&#x646; : </subfield>
    <subfield code="c">&#x627;&#x6CC;&#x645;. &#x62D;&#x628;&#x6CC;&#x628; &#x62E;&#x627;&#x646; </subfield>
    <subfield code="b">&#x62D;&#x633;&#x631;&#x62A; &#x633;&#x6D2; &#x641;&#x631;&#x627;&#x642; &#x62A;&#x6A9; /</subfield>
  </datafield>
  <datafield tag="246" ind1=" " ind2=" ">
    <subfield code="a">Udu ki classici shaira par tanqeedi mazameen : Hsarat se Firaq tak /</subfield>
    <subfield code="b">by M. Habeeb Khan </subfield>
  </datafield>
  <datafield tag="260" ind1=" " ind2=" ">
    <subfield code="a">&#x639;&#x644;&#x6CC;&#x6AF;&#x691;&#x6BE; </subfield>
    <subfield code="b">&#x627;&#x646;&#x688;&#x6CC;&#x627; &#x628;&#x6A9; &#x6C1;&#x627;&#x624;&#x633; </subfield>
    <subfield code="c">1963</subfield>
  </datafield>
  <datafield tag="270" ind1=" " ind2=" ">
    <subfield code="b">&#x639;&#x644;&#x6CC;&#x6AF;&#x691;&#x6BE; </subfield>
    <subfield code="a">&#x642;&#x627;&#x636;&#x6CC; &#x67E;&#x627;&#x691;&#x6C1;</subfield>
  </datafield>
  <datafield tag="300" ind1=" " ind2=" ">
    <subfield code="a">176p.</subfield>
    <subfield code="c">17cm(Hb)</subfield>
  </datafield>
  <datafield tag="500" ind1=" " ind2=" ">
    <subfield code="a">&#x6A9;&#x62A;&#x627;&#x628;&#x6CC;&#x627;&#x62A; </subfield>
  </datafield>
  <datafield tag="650" ind1=" " ind2=" ">
    <subfield code="a">&#x627;&#x62F;&#x628; -- &#x627;&#x631;&#x62F;&#x648; </subfield>
    <subfield code="9">129782</subfield>
  </datafield>
  <datafield tag="650" ind1=" " ind2=" ">
    <subfield code="a"> &#x627;&#x631;&#x62F;&#x648; &#x62A;&#x646;&#x642;&#x6CC;&#x62F;&#x6CC; &#x645;&#x636;&#x627;&#x645;&#x6CC;&#x646;</subfield>
    <subfield code="9">114356</subfield>
  </datafield>
  <datafield tag="650" ind1=" " ind2=" ">
    <subfield code="a">Literature -- Urdu</subfield>
    <subfield code="9">129783</subfield>
  </datafield>
  <datafield tag="650" ind1=" " ind2=" ">
    <subfield code="a">Urdu critical articles</subfield>
    <subfield code="9">114358</subfield>
  </datafield>
  <datafield tag="942" ind1=" " ind2=" ">
    <subfield code="2">ddc</subfield>
    <subfield code="c">UR</subfield>
    <subfield code="h">920</subfield>
    <subfield code="m">&#x627; &#x6CC; &#x645;</subfield>
  </datafield>
  <datafield tag="999" ind1=" " ind2=" ">
    <subfield code="c">108738</subfield>
    <subfield code="d">108738</subfield>
  </datafield>
  <datafield tag="952" ind1=" " ind2=" ">
    <subfield code="0">0</subfield>
    <subfield code="1">0</subfield>
    <subfield code="4">0</subfield>
    <subfield code="7">0</subfield>
    <subfield code="a">L</subfield>
    <subfield code="b">L</subfield>
    <subfield code="d">2016-02-03</subfield>
    <subfield code="e">Cen Lib/Ret</subfield>
    <subfield code="g">15.00</subfield>
    <subfield code="l">0</subfield>
    <subfield code="o">920 &#x627; &#x6CC; &#x645;</subfield>
    <subfield code="p">324600</subfield>
    <subfield code="r">2016-02-03 00:00:00</subfield>
    <subfield code="t">1</subfield>
    <subfield code="v">15.00</subfield>
    <subfield code="w">2016-02-03</subfield>
    <subfield code="y">UR</subfield>
  </datafield>
</record>
